Το παραράδιασμα : μυθιστόρημα

Αποθηκεύτηκε σε:
Λεπτομέρειες βιβλιογραφικής εγγραφής
Κύριος συγγραφέας: Σαρή, Ζωρζ, 1925-2012
Μορφή: Βιβλίο
Γλώσσα:Greek
Δημοσίευση: Αθήνα : Πατάκη, 2005.
Έκδοση:21η εκδ.
Θέματα:
Ετικέτες: Προσθήκη ετικέτας
Δεν υπάρχουν, Καταχωρήστε ετικέτα πρώτοι!

MARC

LEADER 00000cam a2200000 i 4500
001 1/23344
008 060201s2005 gr ||||||| |||| | gre||
020 |a 9602934778 
035 |l 10082398 
040 |a GR-MY-UA  |b gre  |e aacr 
041 0 |a gre 
082 0 |a 808.0683   |2 (22) 
100 1 |a Σαρή, Ζωρζ,   |d 1925-2012. 
245 1 3 |a Το παραράδιασμα :   |b μυθιστόρημα /   |c Ζωρζ Σαρή. 
250 |a 21η εκδ. 
260 |a Αθήνα :   |b Πατάκη,   |c 2005. 
300 |a 202 σ. ;   |c 21 εκ. 
650 0 0 |a Young adult fiction. 
650 0 0 |a Children's literature, Greek (Modern) 
852 |a INST  |b SAMOS  |e 20060201  |h 808.0683 ΣΑΡ  |p 005300024580  |q 005300024580  |t BK  |y 0 
901 |a BIBL3-2006-1 
909 |a Σ  |b 124734 
922 |a 3ΕΛΗ  |b 200106  |c ΜΕΤΑΠΤΥΧΙΑΚΟ/ΜΑΘΗΜΑΤΙΚΟ  |d ΜΙΧΑΛΟΠΟΥΛΟΣ 
970 |a ΚΟΣΙΕΡΗΣ  |b ΧΡΗΣΤΟΣ  |z 2006/02/01